II Inspektorat Zamojski Armii Krajowej

Titel: II Inspektorat Zamojski Armii Krajowej / Regina Smoter Grzeszkiewicz
Verfasser:
Ausgabe: Wydanie drugie
Veröffentlicht: Zamość : Wydawnictwo Krzysztof Bielecki, 2020
Umfang: 143 Seiten : Illustrationen ; 24 cm
Format: Buch
Sprache: Polnisch
Schlagworte:
ISBN: 9788365460196 ; 836546019X
Buchumschlag
X
alg: 47552900
001A    $03004:05-02-21 
001B    $01999:15-04-21 $t11:41:00.000 
001D    $03004:09-03-21 
001U    $0utf8 
001X    $00 
002@    $0Aau 
002C    $aText $btxt $2rdacontent 
002D    $aohne Hilfsmittel zu benutzen $bn $2rdamedia 
002E    $aBand $bnc $2rdacarrier 
003@    $0475529006 
004A    $A978-83-65460-19-6 
004A    $083-65460-19-X 
006C    $01192549940 $aOCoLC 
007A    $0475529006 $aHEB 
007G    $0DE020D042C1FFA5C39620C12586B7002FC26D 
009P    $qapplication/pdf $A2 $3Inhaltsverzeichnis $uhttp://scans.hebis.de/HEBCGI/show.pl?47552900_toc.pdf $mV:DE-603;B:DE-Mb50 
010@    $apol 
010E    $erda 
011@    $a2020 $n2020 
021A    $aII Inspektorat Zamojski Armii Krajowej $hRegina Smoter Grzeszkiewicz 
027A    $aDrugi Inspektorat Zamojski Armii Krajowej 
028A    $BVerfasser $4aut $8Smoter-Grzeszkiewicz, Regina$Z1956- [Tp3] $9474492788 
032@    $aWydanie drugie 
033A    $pZamość $nWydawnictwo Krzysztof Bielecki 
034D    $a143 Seiten 
034I    $a24 cm 
034M    $aIllustrationen 
037A    $aLiteraturverzeichnis Seite 116-121 
044K    $#Zamojszczyzna $#Zamość ziemia $74340595-2 $8Zamość$zRegion [Tg1] $9088154335 
044K    $RKombattant $ROpposition $RWiderstandskämpfer $RProtest $#Government, Resistance to $#Underground movements, War $#Résistance politique $#Mouvements de résistance $#Politischer Widerstand $#Widerstand $#Widerstandsbewegung $#Politischer Widerstand $#Widerstandsbewegung $74079262-6 $8Widerstand [Ts1] $9085225177 
044K    $RWiderstand $RWiderstandskämpferin $#Résistants $74257820-6 $8Widerstandskämpfer [Ts1] $9086370685 
045F    $a909 $eDDC23BSB 
045F/01 $a909 
045F/03 $f09044 
045F/03 $f09045 
045F/03 $g438 
045R    $aGeschichte 1944-1952 

lok: 47552900 24

exp: 47552900 24 1 #EPN
201B/01 $009-03-21 $t11:08:34.000 
201C/01 $005-02-21 
201U/01 $0utf8 
203@/01 $01139709569 
208@/01 $a09-03-21 $bz 
209A/01 $a21.01048 $du $f050 $h21 01048 $x00 
209C/01 $a21.01048 K $h21 01048 K 
209G/01 $a74243460 $x00 
220C/01 $aho-sz 
247C/01 $8358050-7 Marburg, Bibliothek des Herder-Instituts Marburg $9102600961 

lok: 47552900 78

exp: 47552900 78 1 #EPN
201B/01 $031-05-21 $t08:25:16.000 
201C/01 $031-05-21 
201U/01 $0utf8 
203@/01 $0115577177X 
208@/01 $a31-05-21 $be 
209A/01 $a/ $f000 $x00 
209A/01 $ab*p $x01 
220C/01 $apgar 
244Z/01 $#Generalgouvernement Polen $#Polska $#Rzeczpospolita Polska $#Polska Rzeczpospolita Ludowa $#Poland $#Pologne $#République Polonaise $#Generalne Gubernatorstwo w Polsce $#Polish People's Republic $#Polska Rzeczpospolita Polen $#PRL $#RP $#Polen Generalgouvernement $#Polska Generalgouvernement $#Besetzte Polnische Gebiete $#Besetztes Gebiet in Polen $#Okupowane Polskie Obszary $#Obszary Okupowane w Polsce $#Volksrepublik Polen $#Polska Rosyjska $#Republic Polen $#Respublika Pol'ša $#Pol'skaja Narodnaja Respublika $#République de Pologne $#Polen Links der Weichsel $#Polska po Lewej Stronie Wisły $#Lenkija $#Polija $#Gubernija Carstva Pol'skago $#Republik Polen $74046496-9 $8--Tg1--Polen $x01 $9085129801 
247C/01 $82080>Marburg/Lahn, Herder-Institut, Forschungsbibliothek, Bibliographieportal $9336309341
LEADER 00000cam a2200000 c 4500
001 475529006
003 DE-603
005 20210415114100.0
007 tu
008 210205s2020 xx |||| | u00||u|pol c
020 |a 9788365460196 
020 |a 836546019X 
035 |a (DE-599)HEB475529006 
040 |a DE-603  |b ger  |c DE-603  |d DE-603  |e rda 
041 |a pol 
082 0 4 |8 1\u  |a 909  |q DE-101  |2 23/BSB 
085 |8 1\u  |b 909 
085 |8 1\u  |z 1  |s 09044 
085 |8 1\u  |z 1  |s 09045 
085 |8 1\u  |z 2  |s 438 
100 1 |a Smoter-Grzeszkiewicz, Regina  |d 1956-  |e Verfasser  |4 aut  |0 (DE-603)474492788  |0 (DE-588)1224899571  |2 gnd 
245 0 0 |a II Inspektorat Zamojski Armii Krajowej  |c Regina Smoter Grzeszkiewicz 
246 1 3 |a Drugi Inspektorat Zamojski Armii Krajowej 
250 |a Wydanie drugie 
264 1 |a Zamość  |b Wydawnictwo Krzysztof Bielecki  |c 2020 
300 |a 143 Seiten  |b Illustrationen  |c 24 cm 
336 |a Text  |b txt  |2 rdacontent 
337 |a ohne Hilfsmittel zu benutzen  |b n  |2 rdamedia 
338 |a Band  |b nc  |2 rdacarrier 
500 |a Literaturverzeichnis Seite 116-121 
648 7 |a Geschichte 1944-1952  |2 gnd 
650 7 |a Widerstand  |0 (DE-588)4079262-6  |0 (DE-603)085225177  |2 gnd 
650 7 |a Widerstandskämpfer  |0 (DE-588)4257820-6  |0 (DE-603)086370685  |2 gnd 
651 7 |a Zamość  |0 (DE-588)4340595-2  |0 (DE-603)088154335  |2 gnd 
856 4 2 |m V:DE-603;B:DE-Mb50  |q application/pdf  |u http://scans.hebis.de/HEBCGI/show.pl?47552900_toc.pdf  |3 Inhaltsverzeichnis 
924 0 |9 Mb 50  |a (DE-603)1139709569  |b DE-Mb50  |c HES  |d c  |g 21.01048 
924 0 |9 2080  |a (DE-603)115577177X  |b DE-2080  |c HES  |d d  |g /